The foetus as transplant donor : scientific, social, and ethical perspectives /

Organ donors.

Bibliographic Details
Main Author: McCullagh, P. J. (Peter John)
Format: Book
Language:English
Published: Chichester ; New York : Wiley, [1987]
Series:Wiley medical publication.
Subjects:

MARC

Tag First Indicator Second Indicator Subfields
LEADER 00000pam a2200000 a 4500
001 in00004456607
005 20191202121206.0
008 860730s1987 enk b 00110 eng d
010 |a  86018971  
020 |a 0471912239 :  |c $39.00 
035 |a (OCoLC)14097388 
035 |9 AAA9443MS 
035 |z (UtOrBLW)3731 
035 |a 5623 
040 |a DNLM/DLC  |c DLC  |d m/c  |d UtOrBLW 
049 |a TMVM  |c 1 
050 0 0 |a RD126  |b .M37 1987 
059 |l MS/BOOK STKS  |v 7  |z 2  |t BOOK  |k CIRCULATING  |i 323890028398C  |n NL  |a WO 660  |b M478f 1987 
060 0 |a WO 660  |b M478f 1987 
100 1 |a McCullagh, P. J.  |q (Peter John) 
245 1 4 |a The foetus as transplant donor :  |b scientific, social, and ethical perspectives /  |c Peter McCullagh. 
264 1 |a Chichester ;  |a New York :  |b Wiley,  |c [1987] 
264 4 |c ©1987 
300 |a vi, 215 pages ;  |c 24 cm. 
336 |a text  |2 rdacontent  |b txt 
337 |a unmediated  |2 rdamedia 
338 |a volume  |2 rdacarrier  |b nc 
490 1 |a A Wiley medical publication 
504 |a Includes bibliographies and index. 
520 8 |a Organ donors. 
650 2 |a Ethics, Medical. 
650 2 |a Fetus. 
650 2 |a Tissue Donors. 
650 2 |a Transplantation. 
830 0 |a Wiley medical publication. 
940 |a copy plain 
999 |a MARS 
999 f f |s ed078751-9ca3-3db2-b92f-fe6b37a9fbaa  |i 8be1121e-5454-3d19-8c60-ddc94835e3e0  |t 0 
952 f f |p ric  |a Texas A&M University  |b Rellis Campus  |c Joint Library Facility  |d Remote Storage  |t 0  |e WO 660 M478f 1987  |h National Library of Medicine classification  |i unmediated -- volume  |m 323890028398C 
998 f f |a WO 660 M478f 1987  |t 0  |l Remote Storage